Análisis e interpretación de estados contables (Registro nro. 1212)

Detalles MARC
000 -LEADER
fixed length control field 01179 a2200229 4500
001 - CONTROL NUMBER
control field 24658
005 - DATE AND TIME OF LATEST TRANSACTION
control field 20260407155530.0
008 - FIXED-LENGTH DATA ELEMENTS--GENERAL INFORMATION
fixed length control field 260407a1982 arg spa d
003 - CONTROL NUMBER IDENTIFIER
control field AR-UNSa-BCEJYS
040 ## - CATALOGING SOURCE
Original cataloging agency AR-UNSa-BCEJYS
Language of cataloging spa
Transcribing agency AR-UNSa-BCEJYS
080 ## - UNIVERSAL DECIMAL CLASSIFICATION NUMBER
Universal Decimal Classification number 657.3
Common auxiliary subdivision Presupuestos. Cierre de Cuentas. Balances (Estados Contables)
020 ## - INTERNATIONAL STANDARD BOOK NUMBER
International Standard Book Number 950-037-011-5
100 1# - MAIN ENTRY--PERSONAL NAME
Personal name Telias, Alejandro J.
245 10 - TITLE STATEMENT
Title Análisis e interpretación de estados contables
250 ## - EDITION STATEMENT
Edition statement 5a. ed
264 #1 - PRODUCTION, PUBLICATION, DISTRIBUTION, MANUFACTURE, AND COPYRIGHT NOTICE
Place of production, publication, distribution, manufacture Buenos Aires :
Name of producer, publisher, distributor, manufacturer Ediciones Macchi
Date of production, publication, distribution, manufacture, or copyright notice 1982
300 ## - PHYSICAL DESCRIPTION
Extent 338 p.
Dimensions 23 cm.
505 ## - FORMATTED CONTENTS NOTE
Formatted contents note 1. Objetivos y destinatarios - 2. Antecedentes y evolución - 3. Fuentes de información - 4. Ajuste integral de estados contables por inflación - 5. Metodología del análisis e interpretación de estados contables - 6. Rentabilidad - Definición y clasificación - 7. Rentabilidad - Estructura - 8. Capital de Trabajo - Definición y enfoques - 9. Capital de trabajo - Enfoque financiero - 10. Indices de liquidez - 11. Indice de endeudamiento - 12. Inmovilización - 13. Análisis de un caso.
590 ## - LOCAL NOTE (RLIN)
Local note niveau_biblio:m niveau_hierar:0
700 1# - ADDED ENTRY--PERSONAL NAME
Personal name Senderovich, Isaac Aizik
942 ## - ADDED ENTRY ELEMENTS (KOHA)
Koha item type
Existencias
Withdrawn status Lost status Damaged status Not for loan Home library Current library Shelving location Date acquired Total checkouts Full call number Barcode Date last seen Price effective from Koha item type Public note
        Biblioteca Prof. Eusebio Cleto del Rey Biblioteca Prof. Eusebio Cleto del Rey   07/04/2026   657.3 S475 5ed. L44447 07/04/2026 07/04/2026 Libro  
        Biblioteca Prof. Eusebio Cleto del Rey Biblioteca Prof. Eusebio Cleto del Rey   07/04/2026   657.3 S475 5ed. L44448 07/04/2026 07/04/2026 Libro  
        Biblioteca Prof. Eusebio Cleto del Rey Biblioteca Prof. Eusebio Cleto del Rey   07/04/2026   657.3 S475 5ed. L44449 07/04/2026 07/04/2026 Libro LÁPIZ - ÚLTIMA PÁGINA ROTA